Riadenie kariéry - podpora konkurencieschopnosti

Enregistré dans:
Détails bibliographiques
Auteur principal: Mihalčová, Bohuslava, 1963-
Autres auteurs: Faltus, Martin
Format: Chapitre de livre
Langue:slovaque
Tags: Ajouter un tag
Pas de tags, Soyez le premier à ajouter un tag!

MARC

LEADER 00000naa$a2200000$$$4500
001 0064846
005 20240502083156.7
041 0 |a slo 
044 |a CZ 
245 1 0 |a Riadenie kariéry - podpora konkurencieschopnosti  |c Bohuslava Mihalčová, Martin Faltus 
100 1 |a Mihalčová, Bohuslava, 1963- 
700 1 |a Faltus, Martin